Quadragesimo anno: sobre la restauración del orden social 15 de mayo de 1931

Uloženo v:
Podrobná bibliografie
Hlavní autor: Pío XI (Autor)
Médium: Kniha
Jazyk:španělština
Vydáno: Santiago Paulinas 1951
Témata:
Tagy: Přidat tag
Žádné tagy, Buďte první, kdo vytvoří štítek k tomuto záznamu!

MARC

LEADER 00000nam a2200000 a 4500
001 UCZ5153
003 CL-VaPUC
008 951117e19510000CL |||||||||||||||||spa|d
082 0 4 |a 262.91  |b PIO  |2 21 
100 |a Pío XI  |e author  |9 337270 
245 1 0 |a Quadragesimo anno: sobre la restauración del orden social 15 de mayo de 1931 
300 |a 74 p 
942 |c BK 
945 |d 19951117 00:00:00  |a cmena 
260 |a Santiago  |b Paulinas  |c 1951 
650 0 |a Documentos pontificios   |9 255642 
650 0 |a Textos sagrados   |9 257605 
650 0 |a Catolicismo  |9 258690 
650 0 |a Sociedad  |9 307903 
650 0 |a Cambio social   |9 256857 
650 7 |a ESTRUCTURA SOCIAL  |2 CL-VaPUC  |9 349084 
583 |a last modification  |c 19951117 00:00:00  |k Rodrigo Vera 
999 |c 241475  |d 241473 
952 |0 0  |1 0  |4 0  |6 262_910000000000000_PIO_1951  |7 0  |8 P  |9 253805  |a BIBEDU  |b BIBEDU  |c BIBEDU_PB  |d 2019-11-19  |i 1574752  |o 262.91 PIO 1951  |p 1574752  |r 2024-01-25  |w 2019-11-19  |y BK  |k FIL